Statistics for Name all the FIFA 20 Headliners

Click here to take the quiz!

General Stats

  • This quiz has been taken 46 times
  • The average score is 18 of 32

Answer Stats

Initial RatingClubPlayer% Correct
94PSGNeymar Jr
100%
93Bayern MunichRobert Lewandowski
97%
93LiverpoolMo Salah
93%
90NapoliDries Mertens
90%
90Borussia DortmundMarco Reus
83%
89ArsenalPierre Emerick Aubameyang
77%
90Man CityRaheem Sterling
77%
89PSGThiago Silva
77%
86LeicesterJamie Vardy
73%
87RB LeipzigTimo Werner
70%
85Wolverhampton WanderersAdama Traore
67%
88Real MadridRaphael Varane
67%
86ChelseaTammy Abraham
63%
87TottenhamDele Alli
57%
88AtalantaJosip Ilicic
57%
87Man CityKyle Walker
53%
87PortoAlex Telles
50%
86Borussia MonchengladbachAlassane Plea
47%
86LeicesterJames Maddison
47%
87CagliariRadja Nainggolan
47%
87LiverpoolGini Wijnaldum
43%
84Dinamo ZagrebMislav Orsic
43%
87Atletico MadridSaul
43%
86EvertonLucas Digne
40%
86BarcelonaNelson Semedo
40%
84MarseilleMorgan Sanson
37%
87AjaxNico Tagliafico
37%
86Borussia DortmundThomas Delaney
33%
84Athletic BilbaoAnder Capa
30%
85RomaChris Smalling
27%
87VillarealGerard Moreno
27%
88LazioLuis Alberto
27%

Score Distribution

Percentile by Number Answered

Percent of People with Each Score

Your Score History

You have not taken this quiz